000 00548nam a2200205Ia 4500
008 180523s9999 xx 000 0 und d
020 _a978-81-261-4303-0
050 _aMAIN GV 713
050 _b.K44 2010
100 _aKeerthinarayanaswamy, M.B.
245 0 _aSport management /
245 0 _cM.B. Keerthinarayanaswmy, C.K. Kishore Kumar.
260 _aNew Delhi :
260 _bAnmol Publications,
260 _c2010
300 _a254 pages :
300 _c21 cm.
650 _aSports administration.
650 _xSports management.
999 _c356731
_d356731